000
00308nam a2200133Ia 4500
100
_a
National Productivity Council
942
_c
BK
654
_a
motors
245
_a
Electric Motors & Transformers
260
_b
National Productivity Council
_c
2001
082
_a
621.3
300
_a
62
546
_a
ENGLISH
999
_c
33907
_d
33907